Entrepreneurial finance (Record no. 4891)

MARC details
000 -CABECERA
campo de control de longitud fija 03643cam a2200349 i 4500
001 - NÚMERO DE CONTROL
campo de control 991106127669806196
005 - FECHA Y HORA DE LA ÚLTIMA TRANSACCIÓN
campo de control 20250828082530.0
008 - DATOS DE LONGITUD FIJA--INFORMACIÓN GENERAL
campo de control de longitud fija 180302t20182018enka b 001 0 eng
010 ## - NÚMERO DE CONTROL DE LA BIBLIOTECA DEL CONGRESO
Número de control de LC 2017061576
020 ## - NÚMERO INTERNACIONAL ESTÁNDAR DEL LIBRO
Número Internacional Estándar del Libro 9781108431859
020 ## - NÚMERO INTERNACIONAL ESTÁNDAR DEL LIBRO
Número Internacional Estándar del Libro 9781108421355
Información calificativa hardcover ;
-- alkaline paper
035 ## - NÚMERO DE CONTROL DEL SISTEMA
Número de control de sistema (UTL)12791050-01utoronto_inst
035 ## - NÚMERO DE CONTROL DEL SISTEMA
Número de control de sistema (SIRSI)12791050
035 ## - NÚMERO DE CONTROL DEL SISTEMA
Número de control de sistema (OCoLC)1027730999
040 ## - FUENTE DE LA CATALOGACIÓN
Centro catalogador/agencia de origen DLC
Lengua de catalogación eng
Normas de descripción rda
Centro/agencia transcriptor DLC
Centro/agencia modificador OCLCO
-- OCLCF
-- YDX
-- OCLCQ
-- ERASA
-- UKMGB
-- YDX
-- DRB
-- VA@
-- GRG
-- ZIF
041 ## - CÓDIGO DE LENGUA
Código de lengua del texto/banda sonora o título independiente English
042 ## - CÓDIGO DE AUTENTICACIÓN
Código de autenticación pcc
050 00 - SIGNATURA TOPOGRÁFICA DE LA BIBLIOTECA DEL CONGRESO
Número de clasificación HG4027.6
Número de documento/Ítem .E58 2018
245 00 - MENCIÓN DE TÍTULO
Título Entrepreneurial finance
Resto del título : the art and science of growing ventures
Mención de responsabilidad, etc. / [edited by] Luisa Alemany, ESADE Business School, Job J. Andreoli, Nyenrode Business University.
264 #1 - PRODUCCIÓN, PUBLICACIÓN, DISTRIBUCIÓN, FABRICACIÓN Y COPYRIGHT
Producción, publicación, distribución, fabricación y copyright Cambridge, United Kingdom ;
-- New York, NY :
Nombre del de productor, editor, distribuidor, fabricante Cambridge University Press,
Fecha de producción, publicación, distribución, fabricación o copyright 2018.
300 ## - DESCRIPCIÓN FÍSICA
Extensión xxiv, 621 pages ;
Dimensiones 26 cm
504 ## - NOTA DE BIBLIOGRAFÍA, ETC.
Nota de bibliografía, etc. Includes bibliographical references and index.
505 ## - NOTA DE CONTENIDO CON FORMATO
Información miscelánea Part I - Funding Sources — Introduction to Entrepreneurial Finance — Early Sources of Funding (1): Incubators, Accelerators and Crowdfunding — Early Sources of Funding (2): Business Angels — Venture Capital, Private Equity and Corporate Venture Capital — Public Sources of Funding — Part II - Funding Process — Deal Sourcing and Screening — Preparing the Financial Plan: Forecasting — Valuation of New Ventures — The Term Sheet and Negotiating with Investors — Part III - Growing the Venture — Monitoring Tactics and Key Metrics — Corporate Governance — Managing your Intellectual Property — Part IV - Alternative Routes to Entrepreneurship — Entrepreneurship through Acquisition (1): MBOS and MBIS — Entrepreneurship through Acquisition (2): ‘Searchers’ — Turnarounds, Workouts and Other Restructuring: Reinventing Value — Impact Investing: Financing Social Entrepreneurs — Part V - Harvesting and the Future of Entrepreneurial Finance — Harvesting: The Exit — The Future of Entrepreneurial Finance — Appendix 1 - Examples of Public Support for Entrepreneurship in Europe — Appendix 2 - Typical Business Angel Term Sheet Clauses — Appendix 3 - General Term Sheet — Appendix 4 - Angel Term Sheet — Appendix 5 - Measuring and Managing Impact — Index
520 8# - SUMARIO, ETC.
Sumario, etc. Academics and practitioners from a range of institutions across Europe provide a cutting-edge, practical, and comprehensive review on the financing of entrepreneurial ventures. From sourcing and obtaining funds, to financial tools for growing and managing the financial challenges and opportunities of the startup, Entrepreneurial Finance: The Art and Science of Growing Ventures is an engaging text that will equip entrepreneurs, students and early-stage investors to make sound financial decisions at every stage of a business' life. Largely reflecting European businesses and with a European perspective, the text is grounded in sound theoretical foundations. Case studies and success stories, as well as perspectives from the media and from experts, provide real-world applications, while a wealth of activities give students abundant opportunities to apply what they have learned. A must-have text for both graduate and undergraduate students in entrepreneurship, finance and management programs, as well as aspiring entrepreneurs in any field.
650 #0 - PUNTO DE ACCESO ADICIONAL DE MATERIA--TÉRMINO DE MATERIA
Término de materia o nombre geográfico como elemento de entrada New business enterprises
Subdivisión general Finance
9 (RLIN) 8249
650 #0 - PUNTO DE ACCESO ADICIONAL DE MATERIA--TÉRMINO DE MATERIA
Término de materia o nombre geográfico como elemento de entrada Small business
Subdivisión general Finance
9 (RLIN) 8248
650 #0 - PUNTO DE ACCESO ADICIONAL DE MATERIA--TÉRMINO DE MATERIA
Término de materia o nombre geográfico como elemento de entrada Venture capital
9 (RLIN) 8246
650 #0 - PUNTO DE ACCESO ADICIONAL DE MATERIA--TÉRMINO DE MATERIA
Término de materia o nombre geográfico como elemento de entrada Entrepreneurship
9 (RLIN) 570
700 ## - ENTRADA AGREGADA--NOMBRE PERSONAL
Nombre de persona Alemany, Luisa,
Término indicativo de función/relación editor.
9 (RLIN) 25819
700 ## - ENTRADA AGREGADA--NOMBRE PERSONAL
Nombre de persona Andreoli, Job,
Término indicativo de función/relación editor.
9 (RLIN) 25820
942 ## - ELEMENTOS DE ENTRADA AGREGADA (KOHA)
Fuente del sistema de clasificación o colocación Clasificación de Library of Congress
Holdings
Estado de retiro Estado de pérdida Fuente del sistema de clasificación o colocación Estado dañado No para préstamo Biblioteca de origen Biblioteca actual Fecha de adquisición Total de préstamos Signatura topográfica completa Código de barras Fecha visto por última vez Número de copia Precio válido a partir de Tipo de ítem Koha
    Clasificación de Library of Congress     TBS Barcelona TBS Barcelona 28/08/2025   HG4027.6 ALE B05694 28/08/2025 1 28/08/2025 Book

Powered by Koha